Obchodní smlouvy v podnikatelské praxi.

Spôsob uzatvárania obchodných zmlúv. Formálne znaky dobrej zmluvy. Druhy obchodov a druhy zmlúv. Zásada úplného súhlasu. Ako sa zaistiť v obchodných vzťahoch. Kritériá voľby spôsobu zaistenia. Ako použiť obchodné podmienky. Vzťah obchodných podmienok a zmlúv. Obchody s cudzincami a priorita medzinár...

Ausführliche Beschreibung

Gespeichert in:
Bibliographische Detailangaben
1. Verfasser: Bejček, Josef
Format: Buchkapitel
Sprache:Tschechisch
Schlagworte:
Tags: Tag hinzufügen
Keine Tags, Fügen Sie das erste Tag hinzu!

MARC

LEADER 00000naa a2200000 4500
001 r013457
005 20221213081956.0
041 0 |a cze 
044 |a CZ 
245 1 0 |a Obchodní smlouvy v podnikatelské praxi.  |c Josef Bejček 
520 |a Spôsob uzatvárania obchodných zmlúv. Formálne znaky dobrej zmluvy. Druhy obchodov a druhy zmlúv. Zásada úplného súhlasu. Ako sa zaistiť v obchodných vzťahoch. Kritériá voľby spôsobu zaistenia. Ako použiť obchodné podmienky. Vzťah obchodných podmienok a zmlúv. Obchody s cudzincami a priorita medzinárodných zmlúv pred zákonom. 
610 2 0 |a zmluvy obchodné 
610 2 0 |a zmluvy hospodárske 
610 2 0 |a obchod 
610 2 0 |a zákonník obchodný 
610 2 0 |a Čechy 
610 2 0 |a podnikanie 
610 2 0 |a podnikatelia 
100 1 |a Bejček, Josef